Birds of the US - Suliforms, Storks, Flamingos - Statistics

General Stats
  • This quiz has been taken 18 times
  • The average score is 13 of 15
Answer Stats
Hint Answer % Correct
Anhinga anhinga Anhinga
100%
Sula nebouxii Blue-footed Booby
100%
Nannopterum auritum Double-crested Cormorant
100%
Morus bassanus Northern Gannet
100%
Phoenicopterus ruber American Flamingo
93%
Fregata magnificens Magnificent Frigatebird
93%
Sula sula Red-footed Booby
93%
Mycteria americana Wood Stork
93%
Urile penicillatus Brandt’s Cormorant
87%
Sula leucogaster Brown Booby
87%
Urile pelagicus Pelagic Cormorant
87%
Nannopterum brasilianum Neotropic Cormorant
80%
Phalacrocorax carbo Great Cormorant
73%
Sula dactylatra Masked Booby
73%
Urile urile Red-faced Cormorant
73%
No matching quizzes found
Score Distribution
Percent of People with Each Score
Percentile by Number Answered
Your Score History
You have not taken this quiz